000 00658nam a2200253Ia 4500
003 OSt
005 20221005031855.0
006 a|||||r|||| 00| 0
007 ta
008 221004b |||||||| |||| 00| 0 tam d
020 _c1.50
024 _a63492
037 _cTextual
040 _aCRL
_cCRL
_btam
041 _2tam
_atam
082 _aR3xc57w, 31K2
100 _aAru.Ramanathan Au.
_9584420
245 0 _aSinthanaiyalar Platto
260 _aChennai
_bPrema Prasuram India
_c1962
300 _a99p.
_ccm.
650 _aPHILOSOPHY
942 _hR3xc57w, 31K2
_cTEXL
_2cc
999 _c938611
_d938611